00419nam a2200169Ia 4500003000400000005001700004008004100021020001500062050002400077100001800101245004400119260003200163300003300195440000600228521000700234526000800241OSt20140426091302.0140130s9999 xx 000 0 und d a0439655609 aPZ 10.3b.L797 2002 aLobel, Arnold cLobel, ArnoldaFrog and toad together / bScholastic,c2002.aU.S.A : a64 p. :bcol. ill. ;c22 cm. v1 aG2 c330